| 000 | 01593nam a2200241 a 4500 | ||
|---|---|---|---|
| 001 | 000028878 | ||
| 005 | 20200930055207.0 | ||
| 008 | 110412s2012 dr ac 000 0 spa d | ||
| 020 | _a9789945489279 | ||
| 040 |
_aDO-SdBNP _bspa _cBNPHU |
||
| 082 |
_a359.94 _bO77p |
||
| 100 | 1 |
_aOrtega Vergés, Carlos M., _d1969- _955848 |
|
| 245 | 1 | 0 |
_aPoder aéreo en la República Dominicana : _bhistoria de la aviación militar / _cCarlos M. Ortega Vergés. |
| 260 |
_aSanto Domingo : _bBúho, _c2012. |
||
| 300 |
_a246 p. : _bil., retrs. ; _c27cm. |
||
| 500 | _aIncluye datos biográficos del autor en la solapa de la cubierta. | ||
| 504 | _aIncluye bibliografía y notas al pie de páginas. | ||
| 505 | 0 |
_gPrólogo / _rPedro R. Peña Antonio -- _tLeyendas de la aviación -- _tAntecedentes históricos de la República Dominicana (1910-1930) -- _tCreación de la aviación militar (1931-1940) -- _tNacimiento de la Fuerza Aérea Dominicana (1941-1950) -- _tÉpoca de Oro de la Fuerza Aérea Dominicana (1951-1960) -- _tDesarrollo de la Fuerza Aérea Dominicana (1961-1970) -- _tDesarrollo de la Fuerza Aérea Dominicana (1971-1980) -- _tDesarrollo de la Fuerza Aérea Dominicana (1981-1990) -- _tDesarrollo de la Fuerza Aérea Dominicana (1991-2000) -- _tDesarrollo de la Fuerza Aérea Dominicana (2001-Actualidad) -- _tDatos interesantes de la aviación -- _gGalería fotográfica -- _gGenerales. |
|
| 590 | _aInventariado, 2018/ YL | ||
| 650 | 4 |
_aAviación militar _zRepública Dominicana _955849 |
|
| 651 | 4 |
_aRepública Dominicana _xFuerza Aérea _xHistoria _911639 |
|
| 910 | _aValidado. Control de calidad EMS. | ||
| 999 |
_c28370 _d28370 |
||